Les plus vieux parcs zoologiques et aquarium de France - Statistiques

Statistiques générales
  • Ce quiz a été pris 15 fois
  • Le résultat moyen est 8 sur 23
Statistiques - réponses
Département Créé en Nom Initiale Commune ou arrondissement % Correct
Sarthe 1946 Zoo L La Flèche
62%
Haut-Rhin 1868 Parc zoologique et botanique M Mulhouse
62%
Charente-Maritime 1950 Parc animalier Beltrémieux L La Rochelle
54%
Rhône 1858 Jardin zoologique L Lyon
54%
Doubs 1943 Museum B Besançon
46%
Hérault 1867 Plateau des Poètes B Béziers
46%
Pyrénées-Atlantiques 1871 Aquarium B Biarritz
46%
Vosges 1906 Parc du château E Epinal
46%
Nord 1950 Parc zoologique L Lille
46%
Paris 1794 Ménagerie du Jardin des Plantes Ve | 5e
38%
Côtes-d'Armor 1930 Jardin du Val Cocherel D Dinan
31%
Ille-et-Vilaine 1882 Station de biologie marine D Dinard
31%
Meurthe-et-Moselle 1933 Museum-aquarium N Nancy
31%
Drôme 1905 Parc Jouvet V Valence
31%
Paris 1860 Jardin d'acclimatation XVIe | 16e
31%
Paris 1867 Aquarium de Paris XVIe | 16e
31%
Paris 1931 Aquarium du Palais de la Porte Dorée XIIe | 12e
23%
Paris 1934 Parc zoologique XIIe | 12e
23%
Gironde 1866 Musée aquarium A Arcachon
15%
Pyrénées-Orientales 1885 Aquarium B Banyuls-sur-Mer
15%
Seine-Maritime 1919 Parc zoologique C Clères
15%
Finistère 1859 Station de biologie marine C Concarneau
15%
Calvados 1938 Parc de la Baleine L Luc-sur-Mer
15%
Aucun quiz correspondant
Distribution des résultats
% des personnes avec chaque résultat
Percentile par nombre de réponses
Votre historique - résultats
Vous n’avez pas pris ce quiz